Geography Quiz

Random Geography or City Quiz

5-hour Road Trip (Chicago) Quiz Stats

 Plays Quiz Updated Jul 5, 2015

Challenge
Share
Tweet
Embed
Score 0/10 Timer 05:00
10 Plays Today
% Correct
Detroit, MI
84.6%
Indianapolis, IN
83.8%
Springfield, IL
78.9%
Des Moines, IA
77.2%
Green Bay, WI
77.1%
Grand Rapids, MI
74.8%
Cincinnati, OH
68.3%
St. Louis, MO
57.5%
Toledo, OH
57.4%
Louisville, KY
50.7%

You're not logged in!

Compare scores with friends on all Sporcle quizzes.
OR
Log In

You Might Also Like...

Show Comments

Extras

Top Quizzes Today


Score Distribution

Your Account Isn't Verified!

In order to create a playlist on Sporcle, you need to verify the email address you used during registration. Go to your Sporcle Settings to finish the process.

Report this User

Report this user for behavior that violates our Community Guidelines.

Details: